The Saint Mystery Magazine / April 1966 / Vol. 23, No. 4 (Record no. 2229)

000 -LEADER
fixed length control field 00445nam a22001577a 4500
005 - DATE AND TIME OF LATEST TRANSACTION
control field 20210427062707.0
008 - FIXED-LENGTH DATA ELEMENTS--GENERAL INFORMATION
fixed length control field 210312s1966 ||||| |||| 00| 0 eng d
040 ## - CATALOGING SOURCE
Original cataloging agency eng
Transcribing agency DLC
041 ## - LANGUAGE CODE
Language code of text/sound track or separate title eng
082 ## - DEWEY DECIMAL CLASSIFICATION NUMBER
Classification number 821.111
Item number S-16
245 ## - TITLE STATEMENT
Title The Saint Mystery Magazine / April 1966 / Vol. 23, No. 4
300 ## - PHYSICAL DESCRIPTION
Extent 100 p.
650 #0 - SUBJECT ADDED ENTRY--TOPICAL TERM
9 (RLIN) 254
Topical term or geographic name entry element English literature
653 ## - INDEX TERM--UNCONTROLLED
Uncontrolled term ინგლისური ლიტერატურა
942 ## - ADDED ENTRY ELEMENTS (KOHA)
Source of classification or shelving scheme
Koha item type periodicals
Holdings
Withdrawn status Lost status Source of classification or shelving scheme Damaged status Not for loan Permanent location Current location Date acquired Inventory number Total Checkouts Full call number Barcode Date last seen Price effective from Koha item type
          Ken Walker International University Ken Walker International University 03/12/2021 1387   821.111 S-16 1387 03/12/2021 03/12/2021 periodicals

Powered by Koha